The political economy of integration : (Record no. 763585)

MARC details
000 -LEADER
fixed length control field 01149nam a2200337 a 4500
001 - CONTROL NUMBER
control field vtls000940277
003 - CONTROL NUMBER IDENTIFIER
control field NLI
005 - DATE AND TIME OF LATEST TRANSACTION
control field 20210627091237.0
008 - FIXED-LENGTH DATA ELEMENTS--GENERAL INFORMATION
fixed length control field 111024s2011 enk e 001 0 eng d
020 ## - INTERNATIONAL STANDARD BOOK NUMBER
International Standard Book Number 9780415778855 :
Terms of availability £ 80.00
039 #9 - LEVEL OF BIBLIOGRAPHIC CONTROL AND CODING DETAIL [OBSOLETE]
Level of rules in bibliographic description 201111171953
Level of effort used to assign nonsubject heading access points supriya_alio
-- 201110242235
-- triptidr
040 ## - CATALOGING SOURCE
Original cataloging agency NLI
Language of cataloging eng
041 0# - LANGUAGE CODE
Language code of text/sound track or separate title eng
044 ## - COUNTRY OF PUBLISHING/PRODUCING ENTITY CODE
MARC country code ii
082 04 - DEWEY DECIMAL CLASSIFICATION NUMBER
Classification number 337.18
Edition number 22
100 1# - MAIN ENTRY--PERSONAL NAME
Personal name Cason, Jeffrey W.
9 (RLIN) 885009
245 14 - TITLE STATEMENT
Title The political economy of integration :
Remainder of title the experience of Mercosur/
Statement of responsibility, etc. Jeffery W. Cason
260 ## - PUBLICATION, DISTRIBUTION, ETC.
Place of publication, distribution, etc. London :
Name of publisher, distributor, etc. Routledge,
Date of publication, distribution, etc. 2011
300 ## - PHYSICAL DESCRIPTION
Extent xvi, 150 p.;
Dimensions 24 cm.
504 ## - BIBLIOGRAPHY, ETC. NOTE
Bibliography, etc. note Includes bibliographical references and index
651 #0 - SUBJECT ADDED ENTRY--GEOGRAPHIC NAME
Geographic name South America
General subdivision Economic integration
9 (RLIN) 885010
651 #0 - SUBJECT ADDED ENTRY--GEOGRAPHIC NAME
Geographic name European Union countries
General subdivision Economic integration
9 (RLIN) 774926
887 ## - NON-MARC INFORMATION FIELD
Content of non-MARC field Tripti Das Roy
901 ## - LOCAL DATA ELEMENT A, LDA (RLIN)
a 566973 :
b 15.07.11
902 ## - LOCAL DATA ELEMENT B, LDB (RLIN)
a E 337.18 C 27
904 ## - LOCAL DATA ELEMENT D, LDD (RLIN)
a Tripti Das Roy
949 ## - LOCAL PROCESSING INFORMATION (OCLC)
-- VIRTUAITEM
-- 10000
-- 100
6 PUR000565973ENG
942 ## - ADDED ENTRY ELEMENTS (KOHA)
Source of classification or shelving scheme Dewey Decimal Classification
Koha item type Books
Holdings
Withdrawn status Lost status Damaged status Not for loan Collection code Home library Current library Shelving location Date acquired Total Checkouts Full call number Barcode Date last seen Price effective from Koha item type
        New English National Library of India National Library of India New English - Main Stack Division     E 337.18 C 27 PUR000565973ENG 27/06/2021 27/06/2021 Books
                                                                           
web counter

Copyright ©2020 The National Library of India, Govt. of India ↔ Hosted by NVLI, MOC ↔ Technology and Design by National Library of India, Ministry of Culture, Govt. of India